La Constitution Européenne à référendum: Espagne et France 2005 /

Đã lưu trong:
Chi tiết về thư mục
Tác giả chính: Marcet, Joan
Tác giả của công ty: Institut de Ciències Polítiques i Socials
Tác giả khác: ed. Dupoirier, Elisabeth Maestro, Jesús Medina, Lucía Muxel, Anne Perrineau, Pascal Sauger, Nicolas
Định dạng: Texto
Được phát hành: Barcelona: ICPS. Institut de Ciènces Polítiques i Socials
Các nhãn: Thêm thẻ
Không có thẻ, Là người đầu tiên thẻ bản ghi này!

MARC

LEADER 00000 a a2200000 04500
001 36526
003
040
020 |a 84-608-0468-2  
090 |a 0001 M314c  
100 |a Marcet, Joan  
110 |a Institut de Ciències Polítiques i Socials  
245 |a La Constitution Européenne à référendum: Espagne et France 2005 /  |c Joan Marcet  
260 |a Barcelona:   |b ICPS. Institut de Ciènces Polítiques i Socials  
300 |a 128 p.   |b map.  
700 |a ed.   |a Dupoirier, Elisabeth   |a Maestro, Jesús   |a Medina, Lucía   |a Muxel, Anne   |a Perrineau, Pascal   |a Sauger, Nicolas  
999 |c 1723  |d 1723